[Event "DEM U10 2025"]
[Site "Willingen GER"]
[Date "2025.06.08"]
[Round "1"]
[White "Gwardak, Jakob"]
[Black "Gavrylchenko, Illia"]
[Result "1-0"]
[Termination "normal"]
[Board "20"]
[WhiteElo "1736"]
[BlackElo "1428"]
[WhiteClock "00:13:47"]
[BlackClock "00:01:04"]
[PlyCount "49"]
[WhiteFideId "34670556"]
[BlackFideId "34682007"]
[EventCountry "GER"]
[EventRounds "9"]
[EventType "swiss"]
[EventDate "2025.06.07"]

1. e4 {[%clk 01:30:57]} {[%emt 00:00:03]} e5 {[%clk 01:30:53]} {[%emt
00:00:07]} 2. Nf3 {[%clk 01:31:18]} {[%emt 00:00:08]} Nc6 {[%clk 01:31:17]}
{[%emt 00:00:06]} 3. Bc4 {[%clk 01:31:23]} {[%emt 00:00:25]} Be7 {[%clk
01:31:24]} {[%emt 00:00:24]} 4. d4 {[%clk 01:31:24]} {[%emt 00:00:29]} exd4
{[%clk 01:30:37]} {[%emt 00:01:17]} 5. c3 {[%clk 01:29:55]} {[%emt 00:01:58]}
Nf6 {[%clk 01:23:16]} {[%emt 00:07:51]} 6. e5 {[%clk 01:28:03]} {[%emt
00:02:23]} Ng4 {[%clk 01:17:22]} {[%emt 00:06:22]} 7. cxd4 {[%clk 01:21:45]}
{[%emt 00:06:50]} d5 {[%clk 01:14:27]} {[%emt 00:03:23]} 8. Bd3 {[%clk
01:16:13]} {[%emt 00:06:04]} Be6 {[%clk 01:04:14]} {[%emt 00:10:42]} 9. Nc3
{[%clk 01:10:59]} {[%emt 00:05:45]} f6 {[%clk 00:54:54]} {[%emt 00:09:47]} 10.
Bf4 {[%clk 00:57:48]} {[%emt 00:13:43]} Qd7 {[%clk 00:45:25]} {[%emt 00:09:56]}
11. Bg3 {[%clk 00:47:07]} {[%emt 00:11:15]} O-O-O {[%clk 00:38:10]} {[%emt
00:07:45]} 12. Rc1 {[%clk 00:40:08]} {[%emt 00:07:29]} fxe5 {[%clk 00:36:05]}
{[%emt 00:02:35]} 13. dxe5 {[%clk 00:35:39]} {[%emt 00:05:00]} Bb4 {[%clk
00:32:33]} {[%emt 00:04:01]} 14. O-O {[%clk 00:33:49]} {[%emt 00:02:19]} Rdf8
{[%clk 00:28:53]} {[%emt 00:04:08]} 15. a3 {[%clk 00:32:21]} {[%emt 00:02:02]}
Bc5 {[%clk 00:26:16]} {[%emt 00:03:04]} 16. Na4 {[%clk 00:26:20]} {[%emt
00:06:33]} Be7 {[%clk 00:21:12]} {[%emt 00:05:33]} 17. Bb5 {[%clk 00:25:02]}
{[%emt 00:01:49]} Qe8 {[%clk 00:09:33]} {[%emt 00:12:09]} 18. Bxc6 {[%clk
00:22:35]} {[%emt 00:02:58]} bxc6 {[%clk 00:08:14]} {[%emt 00:01:48]} 19. Nd4
{[%clk 00:21:13]} {[%emt 00:01:52]} Bd7 {[%clk 00:06:14]} {[%emt 00:02:27]} 20.
e6 {[%clk 00:20:25]} {[%emt 00:01:21]} h5 {[%clk 00:03:26]} {[%emt 00:03:17]}
21. exd7+ {[%clk 00:20:12]} {[%emt 00:00:45]} Qxd7 {[%clk 00:03:16]} {[%emt
00:00:40]} 22. h4 {[%clk 00:17:11]} {[%emt 00:03:31]} Rh6 {[%clk 00:01:58]}
{[%emt 00:01:47]} 23. Nc5 {[%clk 00:15:46]} {[%emt 00:01:56]} Bxc5 {[%clk
00:01:43]} {[%emt 00:00:45]} 24. Rxc5 {[%clk 00:15:40]} {[%emt 00:00:36]} Nf6
{[%clk 00:01:04]} {[%emt 00:01:07]} 25. Rxc6 {[%clk 00:13:47]} {[%emt
00:02:25]} 1-0

[Event "DEM U10 2025"]
[Site "Willingen GER"]
[Date "2025.06.08"]
[Round "1"]
[White "Mettenbrink, Tammo"]
[Black "von Gehlen, Elian"]
[Result "1/2-1/2"]
[Termination "normal"]
[Board "21"]
[WhiteElo "1275"]
[BlackElo "1548"]
[WhiteClock "01:11:19"]
[BlackClock "01:10:28"]
[PlyCount "94"]
[WhiteFideId "533043043"]
[BlackFideId "34651560"]
[EventCountry "GER"]
[EventRounds "9"]
[EventType "swiss"]
[EventDate "2025.06.07"]

1. e4 {[%clk 01:30:58]} {[%emt 00:00:02]} c6 {[%clk 01:30:47]} {[%emt
00:00:14]} 2. d4 {[%clk 01:31:19]} {[%emt 00:00:08]} d5 {[%clk 01:31:05]}
{[%emt 00:00:12]} 3. e5 {[%clk 01:31:43]} {[%emt 00:00:07]} Bf5 {[%clk
01:31:13]} {[%emt 00:00:22]} 4. Nf3 {[%clk 01:31:59]} {[%emt 00:00:14]} e6
{[%clk 01:30:58]} {[%emt 00:00:44]} 5. c3 {[%clk 01:32:12]} {[%emt 00:00:17]}
c5 {[%clk 01:30:57]} {[%emt 00:00:31]} 6. Be3 {[%clk 01:32:33]} {[%emt
00:00:10]} Qb6 {[%clk 01:30:53]} {[%emt 00:00:34]} 7. Qc1 {[%clk 01:32:47]}
{[%emt 00:00:16]} Nc6 {[%clk 01:30:39]} {[%emt 00:00:44]} 8. Nbd2 {[%emt
00:00:27]} Be7 {[%clk 01:29:24]} {[%emt 00:01:41]} 9. Be2 {[%clk 01:32:18]}
{[%emt 00:01:04]} Qc7 {[%clk 01:28:57]} {[%emt 00:00:59]} 10. O-O {[%clk
01:32:21]} {[%emt 00:00:27]} c4 {[%clk 01:28:47]} {[%emt 00:00:40]} 11. b3
{[%clk 01:32:29]} {[%emt 00:00:22]} b5 {[%clk 01:28:43]} {[%emt 00:00:34]} 12.
b4 {[%clk 01:32:38]} {[%emt 00:00:22]} a5 {[%clk 01:28:39]} {[%emt 00:00:33]}
13. a4 {[%clk 01:31:54]} {[%emt 00:01:14]} Qb7 {[%clk 01:27:37]} {[%emt
00:01:33]} 14. axb5 {[%clk 01:32:00]} {[%emt 00:00:24]} Qxb5 {[%clk 01:27:53]}
{[%emt 00:00:13]} 15. bxa5 {[%clk 01:32:20]} {[%emt 00:00:10]} Rxa5 {[%clk
01:28:04]} {[%emt 00:00:19]} 16. Rxa5 {[%clk 01:32:23]} {[%emt 00:00:28]} Nxa5
{[%clk 01:28:19]} {[%emt 00:00:15]} 17. Nb1 {[%clk 01:31:35]} {[%emt 00:01:18]}
Nb3 {[%clk 01:28:15]} {[%emt 00:00:34]} 18. Qd1 {[%clk 01:29:59]} {[%emt
00:02:06]} Bd8 {[%clk 01:27:53]} {[%emt 00:00:53]} 19. Nbd2 {[%clk 01:29:45]}
{[%emt 00:00:44]} Nxd2 {[%clk 01:27:57]} {[%emt 00:00:26]} 20. Bxd2 {[%clk
01:29:55]} {[%emt 00:00:20]} Ne7 {[%clk 01:28:05]} {[%emt 00:00:22]} 21. Nh4
{[%clk 01:29:49]} {[%emt 00:00:36]} O-O {[%clk 01:28:01]} {[%emt 00:00:33]} 22.
Nxf5 {[%clk 01:30:01]} {[%emt 00:00:18]} Nxf5 {[%clk 01:28:21]} {[%emt
00:00:09]} 23. Qb1 {[%clk 01:30:03]} {[%emt 00:00:28]} Qa4 {[%clk 01:27:39]}
{[%emt 00:01:11]} 24. Qb2 {[%clk 01:29:40]} {[%emt 00:00:54]} Bc7 {[%clk
01:26:57]} {[%emt 00:01:12]} 25. Ra1 {[%clk 01:29:55]} {[%emt 00:00:14]} Qc6
{[%clk 01:26:56]} {[%emt 00:00:31]} 26. Qc2 {[%clk 01:27:25]} {[%emt 00:03:01]}
Rb8 {[%clk 01:26:03]} {[%emt 00:01:22]} 27. Bg4 {[%clk 01:26:21]} {[%emt
00:01:35]} Ne7 {[%clk 01:25:34]} {[%emt 00:00:58]} 28. Rb1 {[%clk 01:25:35]}
{[%emt 00:01:17]} Rxb1+ {[%clk 01:24:53]} {[%emt 00:01:10]} 29. Qxb1 {[%clk
01:25:56]} {[%emt 00:00:10]} Qb6 {[%clk 01:25:13]} {[%emt 00:00:11]} 30. Qc1
{[%clk 01:25:08]} {[%emt 00:01:12]} Nc6 {[%emt 00:04:11]} 31. Bd1 {[%clk
01:22:34]} {[%emt 00:00:01]} Bd8 {[%clk 01:17:18]} {[%emt 00:07:51]} 32. Bc2
{[%clk 01:22:03]} {[%emt 00:01:01]} Na5 {[%clk 01:16:12]} {[%emt 00:01:36]} 33.
Qa3 {[%clk 01:20:25]} {[%emt 00:02:08]} Nb3 {[%clk 01:15:08]} {[%emt 00:01:35]}
34. Qa4 {[%clk 01:20:18]} {[%emt 00:00:37]} Kf8 {[%clk 01:13:27]} {[%emt
00:02:11]} 35. Be1 {[%clk 01:19:39]} {[%emt 00:01:09]} g6 {[%clk 01:12:43]}
{[%emt 00:01:13]} 36. g3 {[%clk 01:16:39]} {[%emt 00:03:30]} Qa5 {[%clk
01:12:27]} {[%emt 00:00:47]} 37. Bxb3 {[%clk 01:15:43]} {[%emt 00:01:26]} cxb3
{[%clk 01:12:39]} {[%emt 00:00:48]} 38. Qxb3 {[%clk 01:16:12]} {[%emt
00:00:30]} Qa1 {[%clk 01:12:59]} {[%emt 00:00:10]} 39. Kf1 {[%clk 01:16:05]}
{[%emt 00:00:37]} Qa6+ {[%clk 01:12:55]} {[%emt 00:00:35]} 40. Kg2 {[%clk
01:16:11]} {[%emt 00:00:23]} Qe2 {[%clk 01:13:11]} {[%emt 00:00:14]} 41. Qb1
{[%clk 01:15:39]} {[%emt 00:01:03]} Ba5 {[%clk 01:12:35]} {[%emt 00:01:06]} 42.
Qc1 {[%clk 01:15:06]} {[%emt 00:01:03]} Kg7 {[%clk 01:12:08]} {[%emt 00:00:57]}
43. Qd2 {[%clk 01:14:18]} {[%emt 00:01:18]} Qe4+ {[%clk 01:11:38]} {[%emt
00:00:59]} 44. f3 {[%clk 01:14:18]} {[%emt 00:00:30]} Qb1 {[%clk 01:11:43]}
{[%emt 00:00:24]} 45. Bf2 {[%clk 01:13:35]} {[%emt 00:01:14]} Qa1 {[%clk
01:11:31]} {[%emt 00:00:42]} 46. Be1 {[%clk 01:13:13]} {[%emt 00:00:52]} Qa4
{[%clk 01:10:28]} {[%emt 00:01:33]} 47. h4 {[%clk 01:11:19]} {[%emt 00:02:24]}
Qc4 {[%emt 00:01:25]} 1/2-1/2

[Event "DEM U10 2025"]
[Site "Willingen GER"]
[Date "2025.06.08"]
[Round "1"]
[White "Rössling, Johannes"]
[Black "Vranckx, Gabriel"]
[Result "0-1"]
[Termination "normal"]
[Board "22"]
[WhiteElo "1637"]
[BlackElo "1627"]
[WhiteClock "01:04:56"]
[BlackClock "00:21:38"]
[PlyCount "110"]
[WhiteFideId "34642773"]
[BlackFideId "533031266"]
[EventCountry "GER"]
[EventRounds "9"]
[EventType "swiss"]
[EventDate "2025.06.07"]

1. e4 {[%clk 01:30:59]} e5 {[%clk 01:30:48]} {[%emt 00:00:12]} 2. Nf3 {[%clk
01:31:22]} {[%emt 00:00:06]} Nc6 {[%clk 01:30:45]} {[%emt 00:00:34]} 3. Bc4
{[%clk 01:31:33]} {[%emt 00:00:20]} Bc5 {[%clk 01:30:35]} {[%emt 00:00:40]} 4.
c3 {[%clk 01:31:52]} {[%emt 00:00:10]} Nf6 {[%clk 01:29:56]} {[%emt 00:01:09]}
5. d3 {[%clk 01:32:13]} {[%emt 00:00:09]} h6 {[%clk 01:28:52]} {[%emt
00:01:34]} 6. Nbd2 {[%clk 01:27:16]} {[%emt 00:05:28]} d6 {[%clk 01:27:44]}
{[%emt 00:01:38]} 7. h3 {[%clk 01:25:55]} {[%emt 00:01:49]} Be6 {[%clk
01:22:49]} {[%emt 00:05:25]} 8. Bb5 {[%clk 01:25:53]} {[%emt 00:00:32]} O-O
{[%clk 01:21:13]} {[%emt 00:02:05]} 9. Nf1 {[%clk 01:25:35]} {[%emt 00:00:49]}
Ne7 {[%clk 01:16:56]} {[%emt 00:04:47]} 10. Ng3 {[%clk 01:23:56]} {[%emt
00:02:08]} c6 {[%clk 01:16:15]} {[%emt 00:01:13]} 11. Ba4 {[%clk 01:23:45]}
{[%emt 00:00:41]} Qc7 {[%clk 01:14:00]} {[%emt 00:02:44]} 12. O-O {[%clk
01:22:45]} {[%emt 00:01:30]} d5 {[%clk 01:13:22]} {[%emt 00:01:09]} 13. Re1
{[%clk 01:21:54]} {[%emt 00:01:21]} Bd6 {[%clk 01:04:35]} {[%emt 00:09:17]} 14.
d4 {[%clk 01:18:43]} {[%emt 00:03:40]} exd4 {[%clk 01:01:31]} {[%emt 00:03:34]}
15. e5 {[%clk 01:18:50]} {[%emt 00:00:23]} Bxe5 {[%clk 00:56:48]} {[%emt
00:05:13]} 16. Nxe5 {[%clk 01:17:44]} {[%emt 00:01:37]} dxc3 {[%clk 00:55:38]}
{[%emt 00:01:40]} 17. bxc3 {[%clk 01:17:52]} {[%emt 00:00:22]} Nf5 {[%clk
00:52:57]} {[%emt 00:03:10]} 18. Nxf5 {[%clk 01:16:36]} {[%emt 00:01:46]} Bxf5
{[%clk 00:52:01]} {[%emt 00:01:27]} 19. Bf4 {[%clk 01:16:38]} {[%emt 00:00:27]}
Qa5 {[%clk 00:49:25]} {[%emt 00:03:06]} 20. Bc2 {[%clk 01:14:54]} {[%emt
00:02:14]} Bxc2 {[%clk 00:47:55]} {[%emt 00:02:01]} 21. Qxc2 {[%clk 01:14:24]}
{[%emt 00:01:00]} Ne4 {[%clk 00:45:33]} {[%emt 00:02:52]} 22. c4 {[%clk
01:12:46]} {[%emt 00:02:08]} f6 {[%clk 00:39:21]} {[%emt 00:06:42]} 23. Nf3
{[%clk 01:12:30]} {[%emt 00:00:46]} Qc5 {[%clk 00:39:32]} {[%emt 00:00:20]} 24.
Rab1 {[%clk 01:08:38]} {[%emt 00:04:22]} b5 {[%clk 00:37:33]} {[%emt 00:02:29]}
25. Be3 {[%clk 01:07:13]} {[%emt 00:01:54]} Qxc4 {[%clk 00:37:29]} {[%emt
00:00:35]} 26. Qxc4 {[%clk 01:07:20]} {[%emt 00:00:23]} dxc4 {[%clk 00:35:53]}
{[%emt 00:02:04]} 27. Bxh6 {[%clk 01:07:08]} {[%emt 00:00:44]} Nc3 {[%clk
00:32:50]} {[%emt 00:03:32]} 28. Bxg7 {[%clk 01:05:53]} {[%emt 00:01:45]} Kxg7
{[%clk 00:31:13]} {[%emt 00:02:07]} 29. Rb2 {[%clk 01:05:08]} {[%emt 00:01:15]}
Rfe8 {[%clk 00:28:13]} {[%emt 00:03:30]} 30. Rc1 {[%clk 01:03:55]} {[%emt
00:01:43]} Re2 {[%clk 00:27:55]} {[%emt 00:00:47]} 31. Rcc2 {[%clk 01:03:14]}
{[%emt 00:01:12]} Rxc2 {[%clk 00:26:37]} {[%emt 00:01:48]} 32. Rxc2 {[%clk
01:03:34]} {[%emt 00:00:10]} Nd5 {[%clk 00:24:51]} {[%emt 00:02:17]} 33. Nd4
{[%clk 01:03:15]} {[%emt 00:00:49]} Rc8 {[%clk 00:23:03]} {[%emt 00:02:17]} 34.
a4 {[%clk 01:02:22]} {[%emt 00:01:23]} a6 {[%clk 00:21:05]} {[%emt 00:02:28]}
35. Ne6+ {[%clk 01:01:40]} {[%emt 00:01:12]} Kf7 {[%clk 00:21:07]} {[%emt
00:00:26]} 36. Nc5 {[%clk 01:01:52]} {[%emt 00:00:19]} Nb4 {[%clk 00:20:26]}
{[%emt 00:01:11]} 37. Rc1 {[%clk 01:01:37]} {[%emt 00:00:45]} Nd3 {[%clk
00:20:16]} {[%emt 00:00:40]} 38. Nxd3 {[%clk 01:01:46]} {[%emt 00:00:21]} cxd3
{[%clk 00:20:32]} {[%emt 00:00:13]} 39. axb5 {[%clk 01:02:06]} {[%emt
00:00:10]} axb5 {[%clk 00:20:50]} {[%emt 00:00:13]} 40. Kf1 {[%clk 01:02:30]}
{[%emt 00:00:06]} c5 {[%clk 00:21:07]} {[%emt 00:00:13]} 41. Ke1 {[%clk
01:02:46]} {[%emt 00:00:14]} c4 {[%clk 00:21:00]} {[%emt 00:00:36]} 42. Kd2
{[%clk 01:02:53]} {[%emt 00:00:23]} Re8 {[%clk 00:18:36]} {[%emt 00:02:55]} 43.
Re1 {[%clk 01:01:11]} {[%emt 00:02:12]} Rxe1 {[%clk 00:18:49]} {[%emt
00:00:16]} 44. Kxe1 {[%clk 01:01:27]} {[%emt 00:00:14]} c3 {[%clk 00:19:04]}
{[%emt 00:00:16]} 45. Kd1 {[%clk 01:01:50]} {[%emt 00:00:07]} b4 {[%clk
00:19:27]} {[%emt 00:00:07]} 46. h4 {[%clk 01:02:02]} {[%emt 00:00:17]} b3
{[%clk 00:19:44]} {[%emt 00:00:13]} 47. Kc1 {[%clk 01:02:05]} {[%emt 00:00:27]}
b2+ {[%clk 00:19:38]} {[%emt 00:00:36]} 48. Kb1 {[%clk 01:02:30]} {[%emt
00:00:06]} d2 {[%clk 00:19:58]} {[%emt 00:00:09]} 49. Kc2 {[%clk 01:02:53]}
{[%emt 00:00:07]} b1=Q+ {[%clk 00:20:18]} {[%emt 00:00:10]} 50. Kxb1 {[%clk
01:03:15]} {[%emt 00:00:08]} d1=Q+ {[%clk 00:20:41]} {[%emt 00:00:07]} 51. Ka2
{[%clk 01:03:31]} {[%emt 00:00:14]} Qc2+ {[%clk 00:21:02]} {[%emt 00:00:09]}
52. Ka3 {[%clk 01:03:49]} {[%emt 00:00:12]} Qb2+ {[%clk 00:20:59]} {[%emt
00:00:32]} 53. Ka4 {[%clk 01:04:11]} {[%emt 00:00:08]} c2 {[%clk 00:21:24]}
{[%emt 00:00:05]} 54. h5 {[%clk 01:04:36]} {[%emt 00:00:05]} c1=R {[%clk
00:21:42]} {[%emt 00:00:13]} 55. h6 {[%clk 01:04:56]} {[%emt 00:00:09]} Ra1#
{[%clk 00:21:38]} {[%emt 00:00:03]} 0-1

[Event "DEM U10 2025"]
[Site "Willingen GER"]
[Date "2025.06.08"]
[Round "1"]
[White "Taube, Moritz"]
[Black "Vlad, Mark"]
[Result "0-1"]
[Termination "normal"]
[Board "23"]
[WhiteElo "1246"]
[BlackElo "1686"]
[WhiteClock "00:43:12"]
[BlackClock "01:03:17"]
[PlyCount "70"]
[WhiteFideId "34696830"]
[BlackFideId "34663258"]
[EventCountry "GER"]
[EventRounds "9"]
[EventType "swiss"]
[EventDate "2025.06.07"]

1. e4 {[%clk 01:30:57]} {[%emt 00:00:02]} d5 {[%clk 01:30:55]} {[%emt
00:00:06]} 2. exd5 {[%clk 01:31:19]} {[%emt 00:00:08]} Nf6 {[%clk 01:31:19]}
{[%emt 00:00:06]} 3. Bb5+ {[%clk 01:28:44]} {[%emt 00:03:04]} Bd7 {[%clk
01:31:41]} {[%emt 00:00:09]} 4. Bxd7+ {[%clk 01:28:25]} {[%emt 00:00:46]} Nbxd7
{[%clk 01:31:44]} {[%emt 00:00:30]} 5. Nc3 {[%clk 01:28:20]} {[%emt 00:00:34]}
Nb6 {[%clk 01:32:08]} {[%emt 00:00:07]} 6. Qe2 {[%clk 01:24:43]} {[%emt
00:04:06]} Nfxd5 {[%clk 01:31:41]} {[%emt 00:00:57]} 7. Nxd5 {[%clk 01:23:43]}
{[%emt 00:01:30]} Qxd5 {[%clk 01:31:58]} {[%emt 00:00:14]} 8. Nf3 {[%clk
01:23:37]} {[%emt 00:00:36]} O-O-O {[%clk 01:31:13]} {[%emt 00:01:16]} 9. d3
{[%clk 01:23:19]} {[%emt 00:00:47]} h5 {[%clk 01:30:23]} {[%emt 00:01:20]} 10.
Be3 {[%clk 01:21:00]} {[%emt 00:02:49]} g6 {[%clk 01:27:03]} {[%emt 00:03:50]}
11. b3 {[%clk 01:17:05]} {[%emt 00:04:24]} Bg7 {[%clk 01:25:34]} {[%emt
00:01:59]} 12. d4 {[%clk 01:14:56]} {[%emt 00:02:39]} Qc6 {[%clk 01:21:28]}
{[%emt 00:04:37]} 13. c4 {[%clk 01:13:28]} {[%emt 00:01:57]} Nd5 {[%clk
01:17:59]} {[%emt 00:04:00]} 14. Rc1 {[%clk 01:10:47]} {[%emt 00:03:10]} Nxe3
{[%clk 01:16:12]} {[%emt 00:02:17]} 15. fxe3 {[%clk 01:07:59]} {[%emt
00:03:19]} Rhe8 {[%clk 01:13:34]} {[%emt 00:03:08]} 16. b4 {[%clk 01:04:55]}
{[%emt 00:03:34]} a6 {[%clk 01:10:56]} {[%emt 00:03:09]} 17. Qd1 {[%clk
01:03:00]} {[%emt 00:02:24]} e5 {[%clk 01:10:02]} {[%emt 00:01:25]} 18. d5
{[%clk 01:02:01]} {[%emt 00:01:26]} Qd6 {[%clk 01:09:39]} {[%emt 00:00:54]} 19.
a3 {[%clk 01:01:16]} {[%emt 00:01:15]} e4 {[%clk 01:08:46]} {[%emt 00:01:25]}
20. Ng5 {[%clk 00:59:16]} {[%emt 00:02:28]} Qf6 {[%clk 01:08:12]} {[%emt
00:01:02]} 21. h4 {[%clk 00:58:39]} {[%emt 00:01:09]} Qb2 {[%clk 01:05:48]}
{[%emt 00:02:56]} 22. Nxf7 {[%clk 00:57:06]} {[%emt 00:02:03]} Qxg2 {[%clk
01:05:17]} {[%emt 00:01:01]} 23. Rf1 {[%clk 00:56:06]} {[%emt 00:01:25]} Rf8
{[%clk 01:03:08]} {[%emt 00:02:44]} 24. Rc2 {[%clk 00:55:57]} {[%emt 00:00:39]}
Qg3+ {[%clk 01:03:04]} {[%emt 00:00:34]} 25. Rcf2 {[%clk 00:53:26]} {[%emt
00:03:00]} Bc3+ {[%clk 01:01:27]} {[%emt 00:02:08]} 26. Ke2 {[%clk 00:52:10]}
{[%emt 00:01:46]} Qg4+ {[%clk 01:01:41]} {[%emt 00:00:16]} 27. Rf3 {[%clk
00:52:27]} {[%emt 00:00:12]} Rxf7 {[%clk 01:01:53]} {[%emt 00:00:19]} 28. Qc2
{[%clk 00:51:46]} {[%emt 00:01:11]} exf3+ {[%clk 01:02:15]} {[%emt 00:00:08]}
29. Kd1 {[%clk 00:51:49]} {[%emt 00:00:26]} Qg2 {[%clk 01:01:44]} {[%emt
00:01:01]} 30. Qxc3 {[%clk 00:48:54]} {[%emt 00:03:26]} Qxf1+ {[%clk 01:02:06]}
{[%emt 00:00:09]} 31. Kc2 {[%clk 00:48:47]} {[%emt 00:00:35]} Qe2+ {[%clk
01:02:30]} {[%emt 00:00:06]} 32. Kb3 {[%clk 00:48:27]} {[%emt 00:00:49]} f2
{[%clk 01:02:53]} {[%emt 00:00:08]} 33. Qd4 {[%clk 00:47:39]} {[%emt 00:01:18]}
f1=Q {[%clk 01:03:01]} {[%emt 00:00:23]} 34. Qa7 {[%clk 00:44:52]} {[%emt
00:03:15]} Qfd1+ {[%clk 01:03:17]} {[%emt 00:00:15]} 35. Kc3 {[%clk 00:43:12]}
{[%emt 00:02:07]} Qec2# {[%emt 00:00:42]} 0-1

[Event "DEM U10 2025"]
[Site "Willingen GER"]
[Date "2025.06.08"]
[Round "1"]
[White "Schimming, Wilhelm"]
[Black "Bentele, Otto"]
[Result "0-1"]
[Termination "normal"]
[Board "24"]
[WhiteElo "1639"]
[BlackElo "1510"]
[WhiteClock "01:08:42"]
[BlackClock "01:19:15"]
[PlyCount "66"]
[WhiteFideId "34662030"]
[BlackFideId "34653643"]
[EventCountry "GER"]
[EventRounds "9"]
[EventType "swiss"]
[EventDate "2025.06.07"]

1. e4 {[%clk 01:30:57]} {[%emt 00:00:02]} e5 {[%clk 01:30:56]} {[%emt
00:00:04]} 2. Nf3 {[%clk 01:31:22]} {[%emt 00:00:05]} Nc6 {[%clk 01:31:15]}
{[%emt 00:00:11]} 3. Nc3 {[%clk 01:31:47]} {[%emt 00:00:06]} Nf6 {[%clk
01:31:35]} {[%emt 00:00:09]} 4. Bb5 {[%clk 01:32:13]} {[%emt 00:00:04]} d6
{[%clk 01:31:41]} {[%emt 00:00:24]} 5. d4 {[%clk 01:32:38]} {[%emt 00:00:06]}
Bd7 {[%clk 01:31:15]} {[%emt 00:00:56]} 6. O-O {[%clk 01:33:00]} {[%emt
00:00:08]} a6 {[%clk 01:31:34]} {[%emt 00:00:11]} 7. Bxc6 {[%clk 01:19:27]}
{[%emt 00:14:03]} Bxc6 {[%clk 01:29:17]} {[%emt 00:02:46]} 8. dxe5 {[%clk
01:19:50]} {[%emt 00:00:07]} dxe5 {[%clk 01:29:24]} {[%emt 00:00:23]} 9. Qxd8+
{[%clk 01:20:11]} {[%emt 00:00:09]} Rxd8 {[%clk 01:28:53]} {[%emt 00:01:01]}
10. Nxe5 {[%clk 01:20:35]} {[%emt 00:00:06]} Bxe4 {[%clk 01:29:04]} {[%emt
00:00:18]} 11. Nxe4 {[%clk 01:20:36]} {[%emt 00:00:29]} Nxe4 {[%clk 01:29:18]}
{[%emt 00:00:16]} 12. Re1 {[%clk 01:21:00]} {[%emt 00:00:06]} f5 {[%clk
01:29:29]} {[%emt 00:00:20]} 13. f3 {[%clk 01:20:20]} {[%emt 00:01:10]} Bc5+
{[%clk 01:29:01]} {[%emt 00:00:55]} 14. Kf1 {[%clk 01:20:04]} {[%emt 00:00:48]}
Bf2 {[%clk 01:26:04]} {[%emt 00:03:27]} 15. Bg5 {[%clk 01:18:18]} {[%emt
00:02:16]} Nxg5 {[%clk 01:20:49]} {[%emt 00:05:46]} 16. Kxf2 {[%clk 01:18:33]}
{[%emt 00:00:15]} Rd2+ {[%clk 01:19:50]} {[%emt 00:01:29]} 17. Kg3 {[%clk
01:11:11]} {[%emt 00:07:52]} O-O {[%clk 01:19:21]} {[%emt 00:00:59]} 18. Rac1
{[%clk 01:10:26]} {[%emt 00:01:15]} h6 {[%clk 01:19:23]} {[%emt 00:00:28]} 19.
Nc4 {[%clk 01:10:23]} {[%emt 00:00:33]} f4+ {[%clk 01:18:53]} {[%emt 00:00:59]}
20. Kg4 {[%clk 01:09:55]} {[%emt 00:00:59]} Rxg2+ {[%clk 01:18:46]} {[%emt
00:00:37]} 21. Kh5 {[%clk 01:10:06]} {[%emt 00:00:19]} Rxh2+ {[%clk 01:18:59]}
{[%emt 00:00:17]} 22. Kg4 {[%clk 01:10:28]} {[%emt 00:00:08]} Rg2+ {[%clk
01:18:49]} {[%emt 00:00:40]} 23. Kh5 {[%clk 01:10:35]} {[%emt 00:00:23]} Nxf3
{[%clk 01:18:36]} {[%emt 00:00:43]} 24. Re5 {[%clk 01:07:39]} {[%emt 00:03:26]}
Nxe5 {[%clk 01:18:52]} {[%emt 00:00:12]} 25. Nxe5 {[%clk 01:08:06]} {[%emt
00:00:04]} Rf5+ {[%clk 01:18:58]} {[%emt 00:00:24]} 26. Kh4 {[%clk 01:08:31]}
{[%emt 00:00:06]} Rxe5 {[%clk 01:18:59]} {[%emt 00:00:29]} 27. Kh3 {[%clk
01:08:40]} {[%emt 00:00:21]} Rg3+ {[%clk 01:19:00]} {[%emt 00:00:29]} 28. Kh4
{[%clk 01:09:00]} {[%emt 00:00:10]} Re2 {[%clk 01:19:20]} {[%emt 00:00:08]} 29.
Rh1 {[%clk 01:09:24]} {[%emt 00:00:08]} Reg2 {[%clk 01:19:21]} {[%emt
00:00:28]} 30. c4 {[%clk 01:09:33]} {[%emt 00:00:23]} f3 {[%clk 01:19:34]}
{[%emt 00:00:17]} 31. c5 {[%clk 01:09:39]} {[%emt 00:00:23]} Rg5 {[%clk
01:19:46]} {[%emt 00:00:17]} 32. c6 {[%clk 01:09:03]} {[%emt 00:01:09]} g6
{[%clk 01:20:01]} {[%emt 00:00:15]} 33. cxb7 {[%clk 01:08:42]} {[%emt
00:00:50]} Rh5# {[%clk 01:19:15]} {[%emt 00:00:41]} 0-1